| 000 | 00847nam a2200265 a 4500 | ||
|---|---|---|---|
| 001 | BRCA_5041 | ||
| 005 | 20190320204921.0 | ||
| 008 | 051110s1947----sz-a######---#000-0#eng-# | ||
| 041 | _aeng | ||
| 044 | _asz | ||
| 050 | 4 |
_aNC287.G6 _b.M34 1947 |
|
| 100 | 1 |
_aMalraux, André _912873 |
|
| 245 | 1 | 0 |
_aGoya _bDrawings from the Prado _cintroduction by André Malraux ; translated by Edward Sackville-West. |
| 260 |
_aSuiza _bHorizon _c1947 |
||
| 300 |
_a53 p. _bil. _c28 cm. |
||
| 500 | _aIncluye índice de ilustraciones | ||
| 500 | _aD125 | ||
| 600 | 1 | 4 |
_aGoya y Lucientes, Francisco José de _d1746-1828 _911075 |
| 650 | 1 | 4 |
_aDibujos españoles _912874 |
| 650 | 1 | 4 |
_aDibujantes españoles _912032 |
| 650 | 1 | 4 |
_aGalerías y museos de arte _zEspaña _912875 |
| 700 | 1 |
_aSackville-West, Edward _eTraductor _912876 |
|
| 902 | _aGFM | ||
| 942 |
_2lcc _cB |
||
| 999 |
_c4735 _d4735 |
||